Olympe de Clèves / (Record no. 182040)

MARC details
000 -LEADER
campo de control de longitud fija 00846nam a2200229 i 4500
001 - NÚMERO DE CONTROL
campo de control 182040
003 - IDENTIFICADOR DE NÚMERO DE CONTROL
campo de control ES-MaACL
005 - FECHA Y HORA DE LA ÚLTIMA TRANSACCIÓN
campo de control 20250804062648.0
008 - DATOS DE LONGITUD FIJA--INFORMACIÓN GENERAL
campo de control de longitud fija 130527q1860 fr a | |||||||| ||fre d
080 ## - NÚMERO DE LA CLASIFICACIÓN DECIMAL UNIVERSAL
Número de la Clasificación Decimal Universal 821.133.1-31"18"
100 1# - ENTRADA PRINCIPAL--NOMBRE DE PERSONA
Nombre de persona Dumas, Alexandre,
Fechas asociadas al nombre 1802-1870
Término indicativo de función/relación Autor
9 (RLIN) 241135
245 10 - MENCIÓN DEL TÍTULO
Título Olympe de Clèves /
Mención de responsabilidad, etc. par Alexandre Dumas
260 ## - PUBLICACIÓN, DISTRIBUCIÓN, ETC.
Lugar de publicación, distribución, etc. [S.l. :
Nombre del editor, distribuidor, etc. s.n.,
Fecha de publicación, distribución, etc. ca. 1860]
Lugar de fabricación/manufactura (Lagny :
Fabricante Typ. de A. Varigault et Cie.)
300 ## - DESCRIPCIÓN FÍSICA
Extensión 220 páginas :
Otras características físicas ilustraciones ;
Dimensiones 30 cm.
594 ## - Nota al título y mención de responsabilidad
Nota al título y mención de responsabilidad Tít. y autor tomados de pag.1
597 ## - NOTA DE DESCRIPCIÓN FÍSICA
NOTA DE DESCRIPCIÓN FÍSICA Texto a dos col.
655 #0 - TERMINO DE INDIZACIÓN--GENERO/FORMA
Datos o término principal de género/forma Novelas
9 (RLIN) 234319
852 ## - LOCALIZACIÓN
Ubicación ES-MaACL
Ubicación en estantería Depósito
Partes que faltan Ejemplar falto de portada
Anotaciones manuscritas Firma manuscrita Eugenio Agüera
Donativo/Legado Legado Goyeneche
Número de control de estantería R-1714(1)
Encuadernación Enc. en un vol. facticio
942 ## - ELEMENTOS DE ENTRADA SECUNDARIOS (KOHA)
Fuente del sistema de clasificación o colocación Clasificación decimal universal
Tipo de ítem Koha Libro impreso antiguo
Suprimir en OPAC No
Holdings
Estatus retirado Estado de pérdida Fuente del sistema de clasificación o colocación Estado de daño No para préstamo Colección Biblioteca de origen Biblioteca actual Ubicación en estantería Fecha de adquisición Fuente de adquisición Total de préstamos Signatura topográfica completa Código de barras Visto por última vez Tipo de ítem Koha
    Clasificación decimal universal     Libros del s. XIX Biblioteca del Ateneo de Madrid Biblioteca del Ateneo de Madrid Depósito 27/05/2013 Legado   R-1714(1) 1191302 23/02/2023 Libro impreso antiguo